| 000 | 01398nam a22002777a 4500 | ||
|---|---|---|---|
| 005 | 20170124103158.0 | ||
| 010 | _aA-994784 | ||
| 020 |
_c300.00 _a8186803637 |
||
| 035 | _aA-994784 | ||
| 037 | _bCen Lib/Ret | ||
| 040 |
_aDPL _bHN |
||
| 082 |
_a320.50954 _bजैनध |
||
| 100 |
_aजैन, धर्मचन्द्र _942961 |
||
| 245 |
_aआधुनिक भारतीय राजनीतिक चिन्तक / _cधर्मचन्द्र जैन [और] कैलाश चन्द्र दरोगा |
||
| 246 |
_aAdhunk bhartiya rajnitik chintak / _bby Dharamchandra Jain [aur] Kailash Chandra Daroga |
||
| 260 |
_aजयपुर _bनेशनल पब्लिशिंग हाउस _c2000 |
||
| 270 |
_a377, चुदा रास्ता _bजयपुर _e302003 |
||
| 300 |
_a251पृ. _c21सेमी (सजिल्द) |
||
| 500 | _aसन्दर्भ सूची शामिल | ||
| 650 |
_aभारतीय राजनेता -- जीवनी _990552 |
||
| 650 |
_aराजीनीतिक चिन्तक -- जीवनी -- भारत _990553 |
||
| 650 |
_aIndian politicians - Biography _990554 |
||
| 650 |
_aPolitical thinkers - Biography - India _990555 |
||
| 700 |
_aकैलाश चन्द्र दरोगा _96739 |
||
| 942 |
_2ddc _cHN _h320.50954 _mजैनध |
||
| 999 |
_c120463 _d120463 |
||